000 00535nam a2200157Ia 4500
003 GCL
005 20240530102431.0
008 140319s9999 xx 000 0 ara d
040 _aGCL /
_cGCL
082 0 4 _a327.172
_bع ا
100 0 _aعبدالعزيز حسين الصويغ
245 1 0 _aالامن القومى العربى :
_bرؤية مستقبلية /
_cعبدالعزيز حسين الصويغ
260 _a[S.N] :
_bاوراق للنشر والابحاث والاعلام ،
_c1991
300 _a245 ص
942 _2ddc
_cBK
999 _c32213
_d32213